Statistics for Who is the best player for each Super Smash Bros Ultimate Character?

Click here to take the quiz!

General Stats

  • This quiz has been taken 81 times
    (57 since last reset)
  • The average score is 29 of 82

Answer Stats

Answer% Correct
Snow
81%
Bassmage
63%
ChunkyKong
63%
Acola
56%
Light
56%
MuteAce
56%
Shinymark
56%
Yoshidora
56%
Asimo
50%
Big D
50%
Dabuz
50%
Glutonny
50%
Hero
50%
Kameme
50%
Marss
50%
Miya
50%
MKLeo
50%
MKleo
50%
Riddles
50%
SHADIC
50%
Shuton
50%
Sonix
50%
Sparg0
50%
Tea
50%
Tweek
50%
Tweek
50%
Zomba
50%
Cosmos
44%
Gackt
44%
Kola
44%
Kome
44%
Mr. E
44%
Peabnut
44%
Skyjay
44%
Yaura
44%
zackray
44%
Doramigi
38%
Hurt
38%
Jogibu
38%
Lima
38%
Tarik
38%
Abadango
31%
Capitancito
31%
John Numbers
31%
Ouch?!
31%
Quidd
31%
Rizeasu
31%
Sigma
31%
takera
31%
Tilde
31%
Toriguri
31%
WebbJP
31%
Armadillo
25%
JaZaR
25%
kept
25%
Miya
25%
Naetoru
25%
Raflow
25%
Raru
25%
Riddles
25%
Sparg0
25%
T3 DOM
25%
Yn
25%
BeastModePaul
19%
Guilheww
19%
KID
19%
Lax
19%
mzk
19%
Supahsemmie
19%
TM7_ZAP
19%
Anbil
13%
Axel~
13%
KirbyKid
13%
Leaf
13%
Major
13%
Mezcaul
13%
Nitox
13%
Otakuni
13%
Shirayuki
13%
Tarakotori
13%
ZAKI
13%
tora
6%

Score Distribution

Percentile by Number Answered

Percent of People with Each Score

Your Score History

You have not taken this quiz since the last reset